[Event "Madurai Athens of the East op-B U1600"]
[Site "Madurai"]
[Date "2023.12.28"]
[Round "6"]
[White "Devarsh, Kinra"]
[Black "Logesh Kumar, R."]
[Result "1/2-1/2"]
[WhiteElo "1299"]
[BlackElo "1494"]
[PlyCount "61"]
[EventDate "2023.12.27"]
[EventType "swiss"]
[EventRounds "9"]
[EventCountry "IND"]
[SourceTitle "CBM 218 Extra"]
[Source "ChessBase"]
[SourceDate "2024.03.31"]
[SourceVersion "1"]
[SourceVersionDate "2024.03.31"]
[SourceQuality "1"]

1. e4 c5 2. c3 e6 3. d4 d5 4. e5 Nc6 5. Nf3 cxd4 6. cxd4 Nge7 7. Nc3 Nf5 8. g4 Nfe7 9. Be3 a6 10. Bd3 h5 11. gxh5 Nf5 12. Bxf5 exf5 13. Qb3 Be6 14. h6 gxh6 15. Rg1 Na5 16. Qc2 Rc8 17. Ke2 Nc6 18. a3 Qb6 19. Rad1 Be7 20. Qc1 Bf8 21. b4 a5 22. b5 Ne7 23. Qb2 Rc4 24. Nd2 Rc8 25. Na4 Qd8 26. Rc1 Ng6 27. Rxc8 Bxc8 28. Nb3 b6 29. Rc1 f4 30. Bd2 Bg4+ 31. f3 1/2-1/2